Physical properties of foods-2

Na minha lista:
Detalhes bibliográficos
Principais autores: Jowitt, Ronald (Autor), Escher, Felix (Autor), Hallstrom, Bengt (Autor), Meffert, Hans F (Autor), Spiess, Walter E (Autor), Vos, Gilpert (Autor), Kent, Michael (Autor), Roques, Michel (Autor)
Outros Autores: McKenna, Brian M. (autor)
Formato: Livro
Idioma:inglês
Publicado em: Londres Elsevier Applied Science 1983
Assuntos:
Tags: Adicionar Tag
Sem tags, seja o primeiro a adicionar uma tag!

MARC

LEADER 00000nam a2200000 a 4500
001 UCV3634
003 CL-VaPUC
008 890508e19830000UK |||||||||||||||||eng|d
082 0 4 |a 641.1  |b JOW  |2 21 
100 |a Jowitt, Ronald  |e author  |9 365870 
700 0 |a Escher, Felix  |e author  |9 297896 
700 0 |a Hallstrom, Bengt  |e author  |9 297897 
700 0 |a Meffert, Hans F  |e author  |9 297898 
700 0 |a Spiess, Walter E  |e author  |9 297899 
700 0 |a Vos, Gilpert  |e author  |9 297900 
700 |a Kent, Michael  |e author  |9 581730 
700 |a McKenna, Brian M.  |e autor  |9 490513 
700 0 |a Roques, Michel  |e author  |9 297903 
245 1 0 |a Physical properties of foods-2 
300 |a 2 v 
942 |c BK 
945 |d 19890508 00:00:00 
260 |a Londres  |b Elsevier Applied Science  |c 1983 
650 0 |a Alimentos   |v Análisis   |9 259399 
583 |a last modification  |c 19890508 00:00:00  |k Rodrigo Vera 
999 |c 210783  |d 210781 
952 |0 0  |1 0  |4 0  |6 641_100000000000000_JOW_1983  |7 0  |8 A  |9 187484  |a BIBALI  |b BIBALI  |c RES  |d 2019-11-14  |h v.2  |i 2550792  |o 641.1 JOW 1983  |p 2550792  |r 2025-01-20  |w 2019-11-14  |y BK_R  |k ALI 
952 |0 0  |1 0  |4 0  |6 641_100000000000000_JOW_1983  |7 0  |8 A  |9 187485  |a BIBALI  |b BIBALI  |c RES  |d 2019-11-14  |h v.1  |i 1969196  |o 641.1 JOW 1983  |p 1969196  |r 2025-01-20  |w 2019-11-14  |y BK_R  |k ALI